100 Grätzl in Wien - 115 Stadtteile - Kieze - Quarts - Statistiken

Allgemein
  • Dieses Quiz wurde 191 mal gespielt
  • Das Durchschnittsergebnis liegt bei 30 aus 115
Antwortstatistiken
Bezirk Grätzl - Stadtteil % Korrekt
1 Innere Stadt
84%
21 Floridsdorf
68%
2 Leopoldstadt
66%
10 Favoriten
65%
6/7 Mariahilf
65%
11 Simmering
64%
12 Meidling
62%
3 Landstrasse
60%
16 Ottakring
60%
14 Penzing
60%
23 Liesing
59%
13 Hietzing
58%
8 Josefstadt
57%
19 Oberdöbling
57%
15 Rudolfsheim
57%
19 Unterdöbling
57%
18 Währing
57%
15 Fünfhaus
56%
7 Neubau
56%
4 Wieden
56%
17 Hernals
52%
14 Hütteldorf
52%
20 Brigittenau
50%
5 Margareten
50%
10 Oberlaa
50%
2 Prater
50%
22 Aspern
48%
22 Kagran
46%
3 Erdberg
45%
19 Grinzing
43%
22 Kaisermühlen
43%
22 Stadlau
43%
21 Leopoldau
42%
19 Nussdorf
39%
19 Heiligenstadt
38%
15 Sechshaus
31%
23 Siebenhirten
31%
12/23 Atzgersdorf
30%
23 Erlaa
30%
13 Speising
30%
10 Unterlaa
30%
21 Stammersdorf
29%
13 Lainz
27%
23 Mauer
27%
10/12/23 Inzersdorf
25%
22 Lobau
25%
21 Strebersdorf
25%
14 Breitensee
24%
22 Hirschstetten
24%
11 Kaiserebersdorf
24%
22 Essling
22%
12 Hetzendorf
22%
22 Süssenbrunn
22%
22 Breitenlee
21%
6 Gumpendorf
21%
23 Rodaun
21%
18 Gersthof
20%
14 Hadersdorf Weidlingau
20%
17 Neuwaldegg
20%
19 Obersievering
20%
9 Rossau
19%
5 Matzleinsdorf
18%
17 Dornbach
17%
11 Albern
16%
21 Jedlesee
16%
23 Kalksburg
16%
9 Michelbeuern
16%
19 Neustift am Walde
16%
18 Pötzleinsdorf
16%
3 Weissgerber
16%
21 Donaufeld
14%
21 Grossjedlersdorf
14%
19 Kahlenbergerdorf
14%
14 Baumgarten
12%
10 Rothneusiedl
12%
13 Hacking
11%
6 Laimgrube
11%
13 Ober Sankt Veit
11%
19 Salmannsdorf
11%
13 Unter Sankt Veit
11%
20 Zwischenbrücken
11%
8/9 Alservorstadt
10%
12 Altmannsdorf
10%
12 Gaudenzdorf
10%
16 Neulerchenfeld
10%
3/11 Sankt Marx
10%
7 Spittelberg
10%
9 Althangrund
9%
2 Nordbahnviertel
9%
5 Reinprechtsdorf
9%
15 Schmelz
9%
2 Venediger Au / Jägerzeile
9%
7 Schottenfeld
8%
19 Untersievering
8%
8 Altlerchenfeld
7%
4/5 Hungelbrunn
7%
8 Breitenfeld
6%
3 Fasanviertel
6%
19 Leopoldsdorf
6%
2 Am Tabor
5%
9 Himmelpfortgrund
5%
7 Sankt Ulrich
5%
4 Schaumburgergrund
5%
Seestadt Aspern
5%
8 Strozzigrund
5%
9 Lichtental
4%
3 Aspanggründe
3%
5 Laurenzergrund
3%
6 Magdalenengrund
3%
5 Nikolsdorf
3%
6 Windmühle
3%
15 Neu-Fünfhaus
2%
15 Neu-Penzing
2%
20 Wolfsau
2%
9 Thurygrind
1%
Keine übereinstimmenden Quizze gefunden
Verteilung der Resultate
Anzahl Personen mit jedem Resultat
Perzentil nach korrekt beantworteten Fragen
Ihre Resultats-Entwicklung
Sie haben dieses Quiz noch nicht gespielt